Т. 38; Современные проблемы математики. Новейшие достижения

Detaylı Bibliyografya
Parent link:Современные проблемы математики. Новейшие достижения/ Академия наук СССР (АН СССР), Всесоюзный институт научной и технической информации (ВИНИТИ) ; науч. Р. В. Гамкрелидзе. Т. 38.— , 1973-1990.— 0202-747X
Dil:Rusça
Baskı/Yayın Bilgisi: 1990
Konular:
Materyal Türü: Kitap
KOHA link:https://koha.lib.tpu.ru/cgi-bin/koha/opac-detail.pl?biblionumber=200339

MARC

LEADER 00000nam2a2200000 4500
001 200339
005 20231101224940.0
035 |a (RuTPU)RU\TPU\book\218407 
090 |a 200339 
100 |a 20110905d1990 k y0rusy50 ca 
101 0 |a rus 
102 |a RU 
105 |a y z 001zy 
200 0 |a Т. 38 
210 |d 1990 
215 |a 184 с. 
320 |a Библиография в конце работ 
461 1 |0 (RuTPU)RU\TPU\book\288694  |x 0202-747X  |t Современные проблемы математики. Новейшие достижения  |f Академия наук СССР (АН СССР), Всесоюзный институт научной и технической информации (ВИНИТИ) ; науч. Р. В. Гамкрелидзе  |v Т. 38  |d 1973-1990  |s Современные проблемы математики. Новейшие достижения 
606 1 |a Математика  |2 stltpush  |3 (RuTPU)RU\TPU\subj\67327  |9 83171 
610 1 |a квантование 
610 1 |a спиноры 
610 1 |a римановы многообразия 
610 1 |a спинорные многообразия 
610 1 |a символы 
610 1 |a исчисление 
610 1 |a оператор Дирака 
610 1 |a индексы 
610 1 |a вычисление 
610 1 |a формула Атьи-Ботта-Лефшеца 
610 1 |a эллиптические комплексы 
610 1 |a псевдодифференциальные операторы 
675 |a 51  |v 4 
801 1 |a RU  |b 63413507  |c 20110905 
801 2 |a RU  |b 63413507  |c 20170302  |g RCR 
942 |c BK